<?xml version="1.0" encoding="UTF-8"?><?xml-stylesheet type="text/xsl" href="static/style.xsl"?><OAI-PMH xmlns="http://www.openarchives.org/OAI/2.0/" xmlns:xsi="http://www.w3.org/2001/XMLSchema-instance" xsi:schemaLocation="http://www.openarchives.org/OAI/2.0/ http://www.openarchives.org/OAI/2.0/OAI-PMH.xsd"><responseDate>2026-04-13T07:03:14Z</responseDate><request verb="GetRecord" identifier="oai:www.recercat.cat:10230/5900" metadataPrefix="marc">https://recercat.cat/oai/request</request><GetRecord><record><header><identifier>oai:recercat.cat:10230/5900</identifier><datestamp>2025-12-25T19:56:58Z</datestamp><setSpec>com_2072_6</setSpec><setSpec>col_2072_452954</setSpec></header><metadata><record xmlns="http://www.loc.gov/MARC21/slim" xmlns:dcterms="http://purl.org/dc/terms/" xmlns:xsi="http://www.w3.org/2001/XMLSchema-instance" xmlns:doc="http://www.lyncode.com/xoai" xsi:schemaLocation="http://www.loc.gov/MARC21/slim http://www.loc.gov/standards/marcxml/schema/MARC21slim.xsd">
   <leader>00925njm 22002777a 4500</leader>
   <datafield ind2=" " ind1=" " tag="042">
      <subfield code="a">dc</subfield>
   </datafield>
   <datafield ind2=" " ind1=" " tag="720">
      <subfield code="a">Checa Bañuz, Christian</subfield>
      <subfield code="e">author</subfield>
   </datafield>
   <datafield ind2=" " ind1=" " tag="260">
      <subfield code="c">2012-07-11T01:54:34Z</subfield>
   </datafield>
   <datafield ind2=" " ind1=" " tag="260">
      <subfield code="c">2012-07-11T01:54:34Z</subfield>
   </datafield>
   <datafield ind2=" " ind1=" " tag="260">
      <subfield code="c">2009-12-02T09:28:52Z</subfield>
   </datafield>
   <datafield ind2=" " ind1=" " tag="260">
      <subfield code="c">2012-07-10T07:27:35Z</subfield>
   </datafield>
   <datafield ind2=" " ind1=" " tag="520">
      <subfield code="a">Se tratará en este trabajo, primero, de caracterizar un tipo de imagen capaz deromper con los yugos con los que la contemporaneidad somete la imaginación a partir de la obra de cineastas particularmente sensibles a este problema, como Werner Herzog y Wim Wenders. Una vez hecho esto, analizaremos la fuente de dicha imagen para así poder invocarla, como si de verdaderas hechicerías o chamanismos se tratase, teniendo en cuenta las nuevas tecnologías y atendiendo a algunos de quienes han sabido extraer de ellas sus poderes más ocultos, sobre todo Jean-Luc Godard y David Lynch. Por último, será a través del cine de Claire Denis y de una cierta idea del cuerpo como ahondaremos en el acontecimiento de la nueva imagen capaz de sacar al sistema de sus goznes y relanzar al cine y al pensamiento hacia un futuro incierto; incierto como es todo auténtico futuro.</subfield>
   </datafield>
   <datafield tag="653" ind2=" " ind1=" ">
      <subfield code="a">Cinema -- Filosofia</subfield>
   </datafield>
   <datafield tag="653" ind2=" " ind1=" ">
      <subfield code="a">Imatge (Psicologia)</subfield>
   </datafield>
   <datafield tag="653" ind2=" " ind1=" ">
      <subfield code="a">Comunicació visual -- Aspectes psicològics</subfield>
   </datafield>
   <datafield tag="653" ind2=" " ind1=" ">
      <subfield code="a">Percepció visual -- Aspectes psicològics</subfield>
   </datafield>
   <datafield ind2="0" ind1="0" tag="245">
      <subfield code="a">La huella del futuro. El cine y el pensamiento y la imagen y el fantasma</subfield>
   </datafield>
</record></metadata></record></GetRecord></OAI-PMH>